000 00702nam a22002417a 4500
005 20170124110055.0
010 _aB-006117
020 _a8170147735
_c100.00
035 _aB-006117
037 _aCen Lib/Ret
040 _aDPL
_bEN
082 _a658.8
_bGUP
100 _aGupta, C.B.
_9104431
245 _aMarketing management /
_cby C.B.Gupta [and] N.Rajan Nair
250 _a5th ed
260 _aNew Delhi
_bSultan Chand & Sons
_c2000
270 _a23, Daryaganj
_bNew Delhi
_e110002
300 _avarious pagings :
_c19cm(Hb)
_bill.
650 _aManagement
_93072
650 _aConsumer behaviour
_96693
700 _aNair, N.Rajan
_926318
942 _2ddc
_cEN
_h658.8
_mGUP
999 _c129420
_d129420